Airport pavement innovations--theory to practice : (Record no. 549986)

000 -LEADER
fixed length control field 00940pam a2200193 a 4500
020 ## - INTERNATIONAL STANDARD BOOK NUMBER
International Standard Book Number 0872629252
082 00 - DEWEY DECIMAL CLASSIFICATION NUMBER
Classification number 629.13634
Author Mark AIR
245 00 - TITLE STATEMENT
Title Airport pavement innovations--theory to practice :
Remainder of title proceedings of the conference /
Statement of responsibility, etc. sponsored by the Airfield Pavement Committee, Air Transport Division, American Society of Civil Engineers ; hosted by the Pavement Systems Division, Waterways Experiment Station, Vicksburg, Mississippi, September 8-10, 1993 ; edited by Jim W. Hall, Jr.
260 ## - PUBLICATION, DISTRIBUTION, ETC.
Place of publication, distribution, etc. New York, N.Y. :
Name of publisher, distributor, etc. American Society of Civil Engineers,
Date of publication, distribution, etc. c1993.
300 ## - PHYSICAL DESCRIPTION
Extent vi, 423 p. :
Other physical details ill. ;
Dimensions 22 cm.
526 ## - STUDY PROGRAM INFORMATION NOTE
Program name 0
Interest level 0
Reading level 0
Title point value 629_136340000000000_AIR
650 #0 - SUBJECT ADDED ENTRY--TOPICAL TERM
Topical term or geographic name entry element Airports.
9 (RLIN) 20052
650 #0 - SUBJECT ADDED ENTRY--TOPICAL TERM
Topical term or geographic name entry element MCE
9 (RLIN) 379
650 #0 - SUBJECT ADDED ENTRY--TOPICAL TERM
Topical term or geographic name entry element Pavements
General subdivision Design and construction
-- Congresses.
9 (RLIN) 38326
650 #0 - SUBJECT ADDED ENTRY--TOPICAL TERM
Topical term or geographic name entry element Runways (Aeronautics)
General subdivision Congresses.
700 1# - ADDED ENTRY--PERSONAL NAME
Personal name Hall, Jim W.
9 (RLIN) 46729
710 2# - ADDED ENTRY--CORPORATE NAME
Corporate name or jurisdiction name as entry element American Society of Civil Engineers.
9 (RLIN) 702
942 ## - ADDED ENTRY ELEMENTS (KOHA)
Source of classification or shelving scheme
Koha item type Book
Holdings
Withdrawn status Lost status Source of classification or shelving scheme Damaged status Not for loan Permanent Location Current Location Date acquired Total Checkouts Full call number Barcode Date last seen Price effective from Koha item type
          Military College of Engineering (MCE) Military College of Engineering (MCE) 10/17/2014   629.13634 AIR MCE-43517 10/17/2014 10/17/2014 Book
© 2023 Central Library, National University of Sciences and Technology. All Rights Reserved.